| 000 | 00456nam a2200169Ia 4500 | ||
|---|---|---|---|
| 020 | _a0517179415(hb) | ||
| 082 |
_a909 _bSOM _cN-01, P-156 |
||
| 100 |
_aToynbee, Arnold _912765 |
||
| 245 | _aA Study of history | ||
| 260 |
_aNew York: _bPortland House, _c1988 |
||
| 300 | _a6176p :ill. | ||
| 526 |
_a0 _b0 _c0 _d909_000000000000000_SOM |
||
| 526 |
_a0 _b0 _c0 _d909_000000000000000_SOM |
||
| 650 |
_aNUST _96342 |
||
| 650 | _aWorld History | ||
| 942 |
_2ddc _cBK |
||
| 999 |
_c549418 _d549418 |
||